|
|
|
|
| LEADER |
01127cam a2200313 7i4500 |
| 001 |
0000133451 |
| 005 |
20190717090000.0 |
| 008 |
190508c20192019ne a x 0 eng |
| 020 |
# |
0 |
|a 9780128139264 Paperback
|
| 040 |
# |
# |
|a UMT
|
| 090 |
0 |
0 |
|a TD 477
|b .N32 2019
|
| 245 |
0 |
0 |
|a Nanoscale materials in water purification
|c edited by Sabu Thomas, Daniel Pasquini, Shao-Yuan Leu, Deepu A. Gopakumar.
|
| 264 |
# |
1 |
|a Amsterdam, Netherlands:
|b Elsevier,
|c [2019].
|
| 264 |
# |
4 |
|c ♭2019.
|
| 300 |
# |
# |
|a xxvii, 862 pages:
|b illustrations chiefly colour;
|c 24 cm.
|
| 336 |
# |
# |
|a text
|2 rdacontent
|
| 337 |
# |
# |
|a unmediated
|2 rdamedia
|
| 338 |
# |
# |
|a volume
|2 rdacarrier
|
| 490 |
1 |
0 |
|a Micro & Nano Technologies Series
|
| 504 |
0 |
0 |
|a Includes bibliographical references and index
|
| 590 |
# |
# |
|a Pusat Pengajian Saind Marin dan Sekitaran
|
| 650 |
0 |
0 |
|a Water --
|x Purification
|
| 650 |
0 |
0 |
|a Nanostructured materials
|
| 700 |
1 |
1 |
|a Thomas, Sabu
|
| 700 |
1 |
1 |
|a Pasquini, Daniel
|
| 700 |
1 |
1 |
|a Gopakumar, Deepu A.
|
| 700 |
1 |
1 |
|a Leu, Shao-Yuan
|
| 830 |
0 |
0 |
|a Micro & Nano Technologies Series
|
| 999 |
|
|
|a 1100105987
|b Book
|c Open Shelf
|e KOLEKSI TERBUKA
|